Mastication of rubber. Part I (Record no. 46397)

MARC details
000 -LEADER
fixed length control field 00303nam a2200133Ia 4500
100 ## - MAIN ENTRY--AUTHOR NAME
Personal name Van Rossem A
245 #0 - TITLE STATEMENT
Title Mastication of rubber. Part I
300 ## - PHYSICAL DESCRIPTION
Number of Pages 35p
700 ## - ADDED ENTRY--PERSONAL NAME
Personal name
700 ## - ADDED ENTRY--PERSONAL NAME
Personal name Hoekstra J
700 ## - ADDED ENTRY--PERSONAL NAME
Personal name Philips NV
942 ## - ADDED ENTRY ELEMENTS (KOHA)
Koha item type Reprints
700 ## - ADDED ENTRY--PERSONAL NAME
-- elft TNO
Holdings
Withdrawn status Lost status Damaged status Not for loan Home library Current library Date acquired Koha item type
      Reprints RRII Library RRII Library 22/12/2021 Reprints